| 000 | 00627nam a2200205 i 4500 | ||
|---|---|---|---|
| 001 | 52657 | ||
| 003 | ES-MaACL | ||
| 005 | 20250723061831.0 | ||
| 007 | t| | ||
| 008 | 030902m19431944it ||||1| ita d | ||
| 100 | 1 |
_aDe Francisci, Pietro. _952185 |
|
| 245 | 1 | 0 |
_aStoria del diritto romano / _cPietro de Francisci. |
| 250 | _a[1ª ed.]. | ||
| 260 |
_aMilano : _bDott. A. Giuffrè, _c1943-44. |
||
| 300 |
_a3 v. ; _c26 cm. |
||
| 500 | _aContiene: El vol. 1º y las partes primeras de los volúmenes 2º y 3º. | ||
| 650 | 0 | 7 |
_aDerecho romano _2embne _911764 |
| 852 |
_aES-MaACL _jP-1019 |
||
| 999 |
_c52657 _d52657 |
||